00508nam a22001577a 4500003000200000005001700002008004100019020002200060050002600082100001900108245009400127260004300221300003600264500002500300650002500325020230817134123.0230817b xxu||||| |||| 00| 0 eng d a978-971-9655-21-3 aHD 30.25 b.Si57 2023 aSirug, Winston aManagement science (quantitative methods for business/operations research)cWinston Sirug aManilabMindshapers Co., Inc. cc2023. ax, 403 pages :bill. ;c26 cm.  aManagement science.  aManagement science.